[Event "I Weekend A"]
[Site "Piverone ITA"]
[Date "2012.03.11"]
[Round "5"]
[White "Bosticardo, Tommaso"]
[Black "Benenati, Gianfranco"]
[WhiteElo "1774"]
[BlackElo "1874"]
[Result "0-1"]
[PlyCount "98"]
[EventDate "2012.03.09"]

1. d4 Nf6 2. c4 g6 3. Nc3 Bg7 4. e4 d6 5. f3 b6 6. Be3 Bb7 7. Bd3 Nbd7 8. Nge2
e5 9. Qd2 exd4 10. Nxd4 Nc5 11. O-O O-O 12. Rfd1 Nh5 13. Be2 a5 14. Rac1 Qe7
15. Nd5 Bxd5 16. cxd5 Rfc8 17. Nc6 Qf8 18. Bd4 Bh6 19. Be3 Bg7 20. Bd4 Bxd4+
21. Nxd4 Qg7 22. Bb5 Kh8 23. Bc6 Rab8 24. a3 a4 25. Rc4 Nb3 26. Nxb3 axb3 27.
Rb4 Rf8 28. Qd4 f6 29. Rxb3 Nf4 30. Qe3 g5 31. Rc3 h5 32. Bb5 Rf7 33. Bf1 Ng6
34. Rdc1 Re8 35. Qd4 Kh7 36. Kh1 Ne5 37. Be2 Ree7 38. Qf2 Kh6 39. g3 f5 40. Qg2
fxe4 41. fxe4 g4 42. h4 Qf8 43. Rf1 Rxf1+ 44. Bxf1 Rf7 45. Rc1 Rf2 46. Qg1 Qf3+
47. Bg2 Qxg3 48. Rxc7 Nf3 49. Qc1+ Rd2 0-1

[Event "I Weekend A"]
[Site "Piverone ITA"]
[Date "2012.03.11"]
[Round "5"]
[White "Bozio, Stefano"]
[Black "Bosticardo, Andrea"]
[WhiteElo "1500"]
[BlackElo "1329"]
[Result "1-0"]
[PlyCount "45"]
[EventDate "2012.03.09"]

1. e4 d5 2. exd5 Qxd5 3. Nc3 Qc6 4. Bb5 Nf6 5. Bxc6+ Nxc6 6. d3 e6 7. Bg5 Be7
8. Nf3 O-O 9. Ne4 h6 10. Nxf6+ Bxf6 11. Bxf6 gxf6 12. Nh4 Rd8 13. Qg4+ Kf8 14.
Qf4 Nd4 15. Qxc7 Nc6 16. Qf4 Nd4 17. Qxh6+ Ke8 18. O-O-O b6 19. c3 Nc6 20. Rde1
Rxd3 21. Qxf6 Bd7 22. Nf5 Rc8 23. Qh8# 1-0

[Event "I Weekend A"]
[Site "Piverone ITA"]
[Date "2012.03.11"]
[Round "5"]
[White "Bozza, Alberto"]
[Black "Trovero, Leo"]
[WhiteElo "1589"]
[BlackElo "1641"]
[Result "1-0"]
[PlyCount "55"]
[EventDate "2012.03.09"]

1. e4 c5 2. Nf3 Nc6 3. d4 cxd4 4. Nxd4 g6 5. Be3 Bg7 6. Nc3 d6 7. Bb5 Bd7 8.
Qd2 Nf6 9. f3 O-O 10. g4 Nxd4 11. Bxd4 a6 12. Bxd7 Nxd7 13. Bxg7 Kxg7 14. h4
Ne5 15. Qe2 h6 16. f4 Nd7 17. h5 Qb6 18. O-O-O Rac8 19. g5 hxg5 20. fxg5 gxh5
21. Qxh5 Rh8 22. Qe2 Qa5 23. Rxh8 Qxg5+ 24. Kb1 Rxh8 25. Qf2 Qf6 26. Rg1+ Kf8
27. Qa7 Rg8 28. Qa8+ 1-0

[Event "I Weekend A"]
[Site "Piverone ITA"]
[Date "2012.03.11"]
[Round "5"]
[White "Castaldo, Folco"]
[Black "Chiarotto, Filippo"]
[WhiteElo "2417"]
[BlackElo "2082"]
[Result "1-0"]
[PlyCount "53"]
[EventDate "2012.03.09"]

1. e4 e5 2. Nc3 Nf6 3. g3 Bb4 4. Bg2 O-O 5. Nge2 c6 6. O-O d5 7. exd5 cxd5 8.
a3 Be7 9. d4 e4 10. Bf4 Nc6 11. Qd2 Be6 12. Rad1 Qd7 13. Be5 Ng4 14. Nf4 Bg5
15. Qe2 Ngxe5 16. dxe5 Nxe5 17. Nxe6 fxe6 18. Nxe4 Be7 19. Nc3 Nc6 20. Bh3 Rf6
21. Nxd5 Qxd5 22. Rxd5 exd5 23. Be6+ Kh8 24. Bxd5 Bc5 25. Bxc6 bxc6 26. Kg2 Rd8
27. b4 1-0

[Event "I Weekend A"]
[Site "Piverone ITA"]
[Date "2012.03.11"]
[Round "5"]
[White "Ferraro, Federico"]
[Black "Listello, Massimiliano"]
[WhiteElo "1562"]
[BlackElo "1705"]
[Result "0-1"]
[PlyCount "92"]
[EventDate "2012.03.09"]

1. e4 d5 2. exd5 Nf6 3. d4 Nxd5 4. c4 Nb6 5. Nf3 g6 6. Be3 Bg7 7. Be2 Nc6 8. h3
Bf5 9. a3 a5 10. O-O O-O 11. Nc3 h5 12. Qd2 Qd7 13. Rad1 Rfd8 14. Rfe1 a4 15.
Bf1 Na5 16. c5 Nbc4 17. Bxc4 Nxc4 18. Qe2 Nxe3 19. Qxe3 Bf8 20. Ne5 Qc8 21. Ne2
Bc2 22. Rd2 Bb3 23. Qg5 Kh7 24. Nf4 Bh6 25. Qg3 Qf5 26. Ned3 Rxd4 27. Rxe7 Bxf4
28. Nxf4 Rxd2 29. Rxc7 Rd7 30. Rxd7 Qxd7 31. Qc3 Rd8 32. Qf6 Qd4 33. Qg5 Qxb2
34. Qxd8 Qc1+ 35. Kh2 Qxf4+ 36. Kg1 Qc1+ 37. Kh2 Qxa3 38. Qd7 Qb4 39. c6 bxc6
40. Qxc6 a3 41. g4 Qf4+ 42. Kg2 Bd1 43. gxh5 Bf3+ 44. Qxf3 Qxf3+ 45. Kxf3 a2
46. hxg6+ Kxg6 0-1

[Event "I Weekend A"]
[Site "Piverone ITA"]
[Date "2012.03.11"]
[Round "5"]
[White "Gaidano, Domenico"]
[Black "Papalini, Claudio"]
[WhiteElo "1562"]
[BlackElo "1634"]
[Result "1-0"]
[PlyCount "103"]
[EventDate "2012.03.09"]

1. e4 e6 2. d3 d5 3. Nd2 Nc6 4. Ngf3 Nf6 5. Qe2 Be7 6. g3 d4 7. e5 Nd5 8. Nb3
Nb6 9. Bg2 O-O 10. O-O a5 11. a4 Qd7 12. Ng5 Bxg5 13. Bxg5 h6 14. Bf4 Qd8 15.
Qg4 f5 16. Qd1 Nb4 17. Nc5 N4d5 18. Bd2 Qe7 19. Nb3 Bd7 20. Nxd4 Nxa4 21. Qc1
b6 22. c4 Nb4 23. Bxa8 Rxa8 24. Bxb4 Qxb4 25. Rb1 Nc5 26. Qd1 Nb7 27. Qf3 Rb8
28. Nc6 Bxc6 29. Qxc6 Qe7 30. d4 Nd8 31. Qb5 c6 32. Qb3 Qd7 33. Rfd1 b5 34. Ra1
a4 35. Rxa4 Qc7 36. Ra2 Qb6 37. c5 Qc7 38. Rda1 Kf7 39. Qd1 g6 40. g4 Kg7 41.
gxf5 gxf5 42. Kh1 Kh7 43. Qf3 Qd7 44. Rd1 Nf7 45. h4 Nh8 46. Ra3 Ng6 47. Rad3
Ne7 48. Rg1 Ng6 49. h5 Ne7 50. Rdd1 Ra8 51. Rg2 Ra4 52. Qg3 1-0

[Event "I Weekend A"]
[Site "Piverone ITA"]
[Date "2012.03.11"]
[Round "5"]
[White "Gennaro, Isabella"]
[Black "Bogatto, Mario"]
[WhiteElo "1632"]
[BlackElo "1421"]
[Result "1-0"]
[PlyCount "53"]
[EventDate "2012.03.09"]

1. e4 d6 2. d4 Nf6 3. Nc3 c6 4. Nf3 e6 5. Bg5 Be7 6. Bd3 h6 7. Bf4 Nbd7 8. Qe2
Nf8 9. O-O-O Qc7 10. h3 N6d7 11. g4 e5 12. dxe5 dxe5 13. Bg3 Ne6 14. Bc4 Nf4
15. Bxf4 exf4 16. e5 Nf8 17. Ne4 Ne6 18. Nd6+ Bxd6 19. exd6 Qd7 20. Ne5 Qd8 21.
d7+ Kf8 22. dxc8=Q Qxc8 23. Bxe6 fxe6 24. Ng6+ Kf7 25. Nxh8+ Qxh8 26. Rd7+ Kf6
27. Re1 1-0

[Event "I Weekend A"]
[Site "Piverone ITA"]
[Date "2012.03.11"]
[Round "5"]
[White "Marguerettaz, Davy"]
[Black "Ranieri, Fabrizio"]
[WhiteElo "2211"]
[BlackElo "2283"]
[Result "1/2-1/2"]
[PlyCount "84"]
[EventDate "2012.03.09"]

1. e4 e6 2. d4 d5 3. Nc3 Nf6 4. Bg5 Be7 5. e5 Nfd7 6. Bxe7 Qxe7 7. Qd2 O-O 8.
f4 c5 9. Nf3 Nc6 10. g3 cxd4 11. Nxd4 f6 12. exf6 Nxf6 13. O-O-O e5 14. fxe5
Qxe5 15. Bg2 Bg4 16. Nxc6 bxc6 17. Rde1 Qd6 18. Qd4 a5 19. h3 Bd7 20. g4 Qb4
21. Ne2 Rfe8 22. a3 Qd6 23. Qf4 Qe7 24. g5 Nh5 25. Qh4 Qe3+ 26. Kb1 Reb8 27.
Ka1 g6 28. Nd4 Qg3 29. Qxg3 Nxg3 30. Re7 Nf5 31. Nxf5 Bxf5 32. c4 dxc4 33. Bxc6
c3 34. bxc3 Ra6 35. Bd5+ Kh8 36. Rhe1 h5 37. gxh6 Rab6 38. Re8+ Kh7 39. Rxb8
Rxb8 40. Re7+ Kxh6 41. Be6 Bxe6 42. Rxe6 Rb3 1/2-1/2

[Event "I Weekend A"]
[Site "Piverone ITA"]
[Date "2012.03.11"]
[Round "5"]
[White "Migliorini, Matteo"]
[Black "Siclari, Giovanni"]
[WhiteElo "1970"]
[BlackElo "1956"]
[Result "1-0"]
[PlyCount "65"]
[EventDate "2012.03.09"]

1. e4 c5 2. Nf3 e6 3. b3 Nc6 4. Bb2 b6 5. Na3 Bb7 6. e5 Nge7 7. Nc4 Nf5 8. Bd3
Ncd4 9. Nxd4 Nxd4 10. Bxd4 cxd4 11. Qg4 g6 12. h4 d5 13. exd6 Bg7 14. Qg3 O-O
15. h5 e5 16. hxg6 hxg6 17. f3 Re8 18. O-O-O b5 19. d7 Qxd7 20. Nb2 a5 21. Rh4
a4 22. bxa4 Qe6 23. Kb1 bxa4 24. Rdh1 a3 25. Qh2 Kf8 26. Nc4 Bd5 27. Rh8+ Ke7
28. Rh7 Bf6 29. Rxf7+ Kxf7 30. Bxg6+ Kxg6 31. Qh7+ Kg5 32. Qh6+ Kf5 33. g4# 1-0

[Event "I Weekend A"]
[Site "Piverone ITA"]
[Date "2012.03.11"]
[Round "5"]
[White "Pairotti, Alberto"]
[Black "Buffa, Sabarino Pietro"]
[WhiteElo "1557"]
[BlackElo "1686"]
[Result "1-0"]
[PlyCount "99"]
[EventDate "2012.03.09"]

1. e4 e6 2. Bc4 d5 3. exd5 exd5 4. Bb3 Nf6 5. Nf3 Qe7+ 6. Qe2 Qxe2+ 7. Kxe2 Bd6
8. h3 O-O 9. Re1 b6 10. Kf1 a5 11. a3 Ba6+ 12. d3 Nc6 13. Bg5 Be7 14. Bxf6 Bxf6
15. Bxd5 Bxb2 16. Ra2 Bf6 17. Bxc6 Rad8 18. Be4 Rd6 19. c4 c6 20. Rae2 Ba1 21.
g4 g6 22. Nfd2 Bb7 23. Nb3 Bg7 24. c5 bxc5 25. Nxa5 Ba8 26. Nc4 Rdd8 27. Nbd2
f5 28. gxf5 gxf5 29. Bg2 Rxd3 30. Re3 Rd4 31. Re6 f4 32. Bxc6 Bxc6 33. Rxc6
Rfd8 34. Rxc5 Rxd2 35. Nxd2 Rxd2 36. Rc8+ Kf7 37. Rc7+ Kf6 38. Ree7 Bh6 39. f3
Rd5 40. Rxh7 Kg6 41. h4 Rd6 42. Rhd7 Ra6 43. Ra7 Rb6 44. a4 Re6 45. a5 Kh5 46.
a6 Kxh4 47. Rh7 Kg3 48. Rhe7 Rd6 49. Ke2 Rb6 50. Ra8 1-0

[Event "I Weekend A"]
[Site "Piverone ITA"]
[Date "2012.03.11"]
[Round "5"]
[White "Pane, Gabriele"]
[Black "Cappa, Enrico"]
[WhiteElo "1538"]
[BlackElo "1658"]
[Result "1-0"]
[PlyCount "83"]
[EventDate "2012.03.09"]

1. d4 Nf6 2. c4 e6 3. Nc3 b6 4. Nf3 Bb7 5. e3 c5 6. Bd3 d5 7. cxd5 exd5 8. O-O
c4 9. Be2 Bd6 10. b3 Qc8 11. Nd2 cxb3 12. Qxb3 O-O 13. Bf3 Qe6 14. Nb5 Nbd7 15.
Nxd6 Ba6 16. Re1 Qxd6 17. Ba3 Qc6 18. Bxf8 Nxf8 19. Rec1 Qd7 20. Rc3 Rc8 21.
Rac1 Ne6 22. Qa3 Rxc3 23. Rxc3 Bc8 24. Qc1 Bb7 25. Qa3 Bc6 26. Qa6 Qb7 27. Ra3
Ng5 28. Qxa7 Nxf3+ 29. Nxf3 Nd7 30. Qxb7 Bxb7 31. Ra7 Bc6 32. Ne5 Nxe5 33. dxe5
Be8 34. Kf1 g6 35. Ke1 Kg7 36. Ra6 b5 37. Rd6 h5 38. Rxd5 Bc6 39. Rc5 Bxg2 40.
Rxb5 f6 41. exf6+ Kxf6 42. a4 1-0

[Event "I Weekend A"]
[Site "Piverone ITA"]
[Date "2012.03.11"]
[Round "5"]
[White "Paonessa, Denis"]
[Black "Lavino, Stefano"]
[WhiteElo "1854"]
[BlackElo "1677"]
[Result "1-0"]
[PlyCount "87"]
[EventDate "2012.03.09"]

1. d4 Nf6 2. Bg5 e6 3. e4 Be7 4. Bd3 c5 5. c3 cxd4 6. cxd4 Qa5+ 7. Bd2 Qb6 8.
Bc3 Nc6 9. Nf3 Nb4 10. Bxb4 Bxb4+ 11. Nc3 Qd8 12. O-O a6 13. e5 Bxc3 14. bxc3
Nd5 15. Qb3 a5 16. c4 Nb4 17. Be4 f5 18. Bb1 b6 19. a3 Nc6 20. d5 a4 21. Qe3
Na5 22. Nd2 Ba6 23. Bd3 Rc8 24. Rfc1 O-O 25. Rab1 Rb8 26. Rb4 exd5 27. cxd5
Bxd3 28. Qxd3 Nb7 29. Rcb1 Nc5 30. Qd4 Qg5 31. Nf3 Qe7 32. Qc4 Ne4 33. d6+ Qf7
34. Qxf7+ Kxf7 35. Rxb6 Rxb6 36. Rxb6 Ke6 37. Rb5 Rc8 38. g3 Rc1+ 39. Kg2 Ra1
40. Nd4+ Kf7 41. e6+ dxe6 42. Rb7+ Ke8 43. d7+ Ke7 44. Nc6+ 1-0

[Event "I Weekend A"]
[Site "Piverone ITA"]
[Date "2012.03.11"]
[Round "5"]
[White "Razzano, Lorenzo"]
[Black "Penna, Tommaso"]
[WhiteElo "1950"]
[BlackElo "1821"]
[Result "1-0"]
[PlyCount "59"]
[EventDate "2012.03.09"]

1. e4 c5 2. Nf3 e6 3. d4 cxd4 4. Nxd4 Nc6 5. g3 Nf6 6. Bg2 Qc7 7. O-O d6 8. Nc3
Bd7 9. Ndb5 Qb8 10. Bf4 e5 11. Bg5 a6 12. Na3 b5 13. Nd5 Be7 14. Bxf6 Bxf6 15.
Qd2 Ne7 16. Nxf6+ gxf6 17. Rad1 Nc8 18. c3 a5 19. Nc2 Bg4 20. f3 Be6 21. Qh6
Ke7 22. Ne3 Nb6 23. Ng4 Nd7 24. Ne3 Qb6 25. Kh1 Rac8 26. Bh3 Qd8 27. Bxe6 Kxe6
28. Nf5 Rc6 29. Qh3 Rb6 30. Nxd6+ 1-0

[Event "I Weekend A"]
[Site "Piverone ITA"]
[Date "2012.03.11"]
[Round "5"]
[White "Tricerri, Pierino"]
[Black "Cantamessa, Marco"]
[WhiteElo "1491"]
[BlackElo "1527"]
[Result "0-1"]
[PlyCount "63"]
[EventDate "2012.03.09"]

1. d4 Nf6 2. c4 g6 3. Nc3 Bg7 4. e4 d6 5. f3 O-O 6. Be3 b6 7. Qd2 c5 8. d5 Re8
9. Nh3 Nbd7 10. a3 Ne5 11. b4 a5 12. bxc5 bxc5 13. Rb1 Ba6 14. Qa2 Rb8 15. Nb5
Bc8 16. Be2 Bxh3 17. gxh3 Qc8 18. Bf1 Ned7 19. Bg2 Nb6 20. Na7 Qa6 21. Nb5 Rb7
22. O-O Reb8 23. Bf4 Nfd7 24. Rfc1 Nxc4 25. Bf1 Nce5 26. Qe2 c4 27. Bxe5 Nxe5
28. Nc3 Rxb1 29. Rxb1 Rxb1 30. Nxb1 Qb6+ 31. Kh1 Qxb1 32. Qd2 0-1